Responses for show #6200 - Friday, July 22, 2011

Contestants

[<< previous game]

Tim Wagner, a graduate student of meteorology from Madison, Wisconsin

Linda Percy, a retired emergency room physician from Connellsville, Pennsylvania

Brian McEntee, an academic advisor from Arlington, Virginia (whose 1-day cash winnings total $30,000)

[next game >>]

Jeopardy! Round responses

NAME THAT BIBLE GUY
ROLES IN 2010 BEST PICTURE OSCAR NOMINEES
RHYMING NICKNAMES
GENERAL RELATIVITY
GOVERNMENTAL STUPID ANSWERS
WORDS FROM PLANETS
(Alex: Each response can be found within the name of a particular planet.)
    $200 22
(Tim: Who is Jesus?)

John the Baptist

BrianTim
    $200 1
(Brian: Who is Mark Wahlberg?)

[Brian was credited with a correct answer after the first commercial break since it was not specified that the name of the film was required.]

The Fighter

Brian
    $200 16
Black Jack

Tim
    $200 21
Helen Keller

Tim
    $200 11
the State of the Union address

Brian
    $200 3
a tune

Linda
    $400 23
Moses

Tim
    $400 2
The King's Speech

Tim
    $400 17
the King of Swing

Brian
    $400 24
Patton

Linda
    $400 12
the Internal Revenue Service

Tim
    $400 4
a mer

Brian
    $600 28
David

Tim
    $600 5
Black Swan

Brian
    $600 18
chintz

Linda
    $600 25
Douglas MacArthur

Linda
    $600 13
the Washington Monument

Tim
    $600 8
(Brian: What is sat?)

turn

BrianTim
    $800 29
Peter

Tim
    $800 6
The Social Network

Brian
    $800 19
(Linda: What is "Filler" Diller?)

"Killer" Diller

Linda
Triple Stumper
    $800 26
(Brian: Who is Eisenhower?)
(Alex: Be more specific.)
(Brian: Who is [*]?)

David Eisenhower

Brian
    $800 14
the Pentagon

Tim
    $800 9
a pit

Brian
    $1,000 30
Solomon

Tim
    $1000 7
Inception

Tim
    $1000 20
"No-Drama" Obama

Brian
    $1000 27
the Mayflower Compact

Tim
    $1000 15
Housing and Urban Development

Brian
    $1000 10
(Brian: What is ... ?)

art

BrianLinda

Scores at the first commercial break (after clue 15):

Brian Linda Tim
$2,400 $1,200 $3,800

Scores at the end of the Jeopardy! Round:

Brian Linda Tim
$4,800 $2,000 $7,800

Double Jeopardy! Round responses

PAINTINGS IN THE PRADO
AUTO TUNES
STORY WITHIN A STORY
BRITISH TITLES OF NOBILITY
DAM IT!
LETTER PERFECT
    $400 9
the Styx

Brian
    $400 16
"Born To Run"

Linda
    $400 21
a Stranger in a Strange Land

Linda
    $400 26
Lords

Linda
    $400 4
Pakistan

Tim
    $400 1
I

Linda
    $2,000 10
Goya

Brian
    $800 17
"Little Red Corvette"

Linda
    $800 22
Cabbages and Kings

Linda
    $800 27
Earl (the Pearl)

Linda
    $800 5
the Aswan High Dam

Linda
    $800 2
E (for error)

Brian
    $1200 11
(Tim: Who is Abraham?)

Jacob

LindaTim
    $1200 18
a Mercedes Benz

Tim
    $1200 23
Band of Brothers

Tim
    $1200 28
Baron

Triple Stumper
    $1200 6
the Snake

Linda
    $1200 3
X

Tim
    $1600 12
(Hieronymus) Bosch

Linda
    $1600 19
"Pink Cadillac"

Triple Stumper
    $1600 24
As I Lay Dying

Triple Stumper
    $1600 29
Duke

Tim
    $1,000 7
the TVA (Tennessee Valley Authority)

Linda
    $1600 14
c

Brian
    $2000 13
Lancaster

Linda
    $2000 20
"I Can't Drive 55"

Tim
    $2000 25
Passage to India

Tim
    $2000 30
Viscount

Linda
    $2000 8
the Rio Grande

Brian
    $2000 15
W (Wolfram)

Brian

Scores at the end of the Double Jeopardy! Round:

Brian Linda Tim
$13,600 $15,800 $16,200

[wagering suggestions for these scores]

Final Jeopardy! Round responses

FAMOUS AMERICANS
BrianWho is Byrd?
$0
LindaWho is Robert Peary (with "PEARY" written under that)?
$15,800
TimWho is T. Roosevelt?
$16,000
Robert Peary

Final scores:

Brian Linda Tim
$13,600 $31,600 $200
2nd place: $2,000 New champion: $31,600 3rd place: $1,000

Game dynamics:

Coryat scores:

Brian Linda Tim
$12,400 $16,400 $16,200
17 R
(including 1 DD),
2 W
19 R
(including 1 DD),
1 W
20 R
(including 1 DD),
2 W

Combined Coryat: $45,000

The J! Archive is created by fans, for fans. The Jeopardy! game show and all elements thereof, including but not limited to copyright and trademark thereto, are the property of Jeopardy Productions, Inc. and are protected under law. This website is not affiliated with, sponsored by, or operated by Jeopardy Productions, Inc. Join the discussion at JBoard.tv.